Ekonomické aspekty riadenia ľudských zdrojov
Cieľ a podstata riadenia ľudských zdrojov. Stratégia a vízia riadenia ľudských zdrojov. Ekonomický aspekt riadenia ľudských zdrojov. Vybrané činnosti riadenia ľudských zdrojov.
Salvato in:
| Autore principale: | |
|---|---|
| Altri autori: | |
| Natura: | Capitolo di libro |
| Lingua: | slovacco |
| Soggetti: | |
| Tags: |
Nessun Tag, puoi essere il primo ad aggiungerne!!
|
MARC
| LEADER | 00000nla a2200000 4500 | ||
|---|---|---|---|
| 001 | 0239014 | ||
| 005 | 20240502073853.4 | ||
| 041 | 0 | |a slo | |
| 044 | |a SK | ||
| 245 | 1 | 0 | |a Ekonomické aspekty riadenia ľudských zdrojov |c Nikola Haniková |
| 520 | |a Cieľ a podstata riadenia ľudských zdrojov. Stratégia a vízia riadenia ľudských zdrojov. Ekonomický aspekt riadenia ľudských zdrojov. Vybrané činnosti riadenia ľudských zdrojov. | ||
| 610 | 2 | 0 | |a riadenie ľudských zdrojov |
| 610 | 2 | 0 | |a manažment personálny |
| 610 | 2 | 0 | |a stratégia podniková |
| 610 | 2 | 0 | |a motivácia pracovná |
| 610 | 2 | 0 | |a odmeňovanie |
| 610 | 2 | 0 | |a vzdelávanie |
| 100 | 1 | |a Haniková, Nikola | |
| 700 | 1 | |a Olexová, Cecília, 1976- | |